000 00947nam a2200229Ia 4500
001 L890-39327
003 IT-CnALBA
008 170116s9999||||xx |||||||||||||| ||und||
040 _aIT-CnALBA
_cIT-CnALBA
041 _aITALIANO
100 _aLAZAMON
245 0 _aLE GESTA DI ARTU'.
250 _a1a ed.
260 _a TRENTO, MILANO
_bLUNI EDITRICE
_c1998 [1° Ed.:1998 - Ed.Ling.Originale: 1998]
300 _a412 p.
500 _aINTRODUZIONE. NOTE. NOTA INFORMATIVA. ITALIANO CON PROVENZALE A FRONTE. EPOPEA DEI CAVALIERI DELLA TAVOLA ROTONDA DELLA CORTE DEL RE ARTU'.
501 _aSocietà San Paolo EM - Piazza San Paolo, 14 - 12051 ALBA (CN) (non commercial uses only) ® Copyright 2017
520 _aINTRODUZIONE. NOTE. NOTA INFORMATIVA. ITALIANO CON PROVENZALE A FRONTE. EPOPEA DEI CAVALIERI DELLA TAVOLA ROTONDA DELLA CORTE DEL RE ARTU'.
650 _aLETTERATURE IN ALTRE LINGUE
942 _cBK
957 _71
999 _a44281
_bNO
_g Copie: 1
_c298313
_d298313